02478nam a2200361 i 4500001000700000003000800007005001700015006001900032007001500051008004100066020002900107020002900136035002200165040003100187050002300218080001800241082001200259100003900271245006900310264002900379300004100408336003100449337003300480338004300513520114900556588008301705590016201788650003901950655002701989797001802016856006302034999001902097104737FINmELB20241217173539.0m o u cr cn|||||||||220806s2020 sp o 000 0 spa d a9788430978953q(digital) z9788430978847q(impreso) a(OCoLC)1342051503 aFINmELBbspaerdacFINmELB 4aPN1584b.L834 2020 a347.42(0:791)04a7912231 aLuceño Oliva, Jose luis,eautor.10aCine, series y derecho de empresa /cJosé Luis Luceño Oliva. 1aMadrid :bTecnos,c2020. a1 recurso en línea (200 páginas) atextobtxt2rdacontent/spa acomputadorabc2rdamedia/spa arecurso en líneabcr2rdacarrier/spa aPuede una película o una serie de televisión mostrarnos cómo se constituye una sociedad de capital, cómo funciona el consejo de administración de la misma o cómo se realiza una ampliación de capital en la que se diluye a un socio? Cuáles son las características del contrato de franquicia, de los contratos publicitarios o del contrato de edición? Cómo se contrata una comisión de venta? Qué pasos son típicos en la compraventa de empresas? En qué forma se supervisa el sistema financiero? A qué retos se enfrentará el derecho de las nuevas tecnologías con el desarrollo de los robots y la aparición de la inteligencia artificial que podría sustituir muchas de las tareas que ahora mismo desarrollamos los seres humanos? El presente libro pretende dar respuesta a las anteriores preguntas mediante el análisis de más de 25 películas como La Red Social, Origen, Steve Jobs, Margin Call, El fraude, La mejor oferta o El editor de libros y de series como Mad Men, Westworld o Black Mirror.Para que además de disfrutar con su visionado, se puedan consolidar distintos aspectos del Derecho de empresa. aDescripción basada en metadatos suministrados por el editor y otras fuentes. aRecurso electrónico. Santa Fe, Arg.: elibro, 2022. Disponible vía World Wide Web. El acceso puede estar limitado para las bibliotecas afiliadas a elibro. 4aDerecho de sociedadesxEn el cine. 4aLibros electrónicos.2 aelibro, Corp.40uhttps://elibro.net/ereader/politecnicointernacional/216123 c104737d104737